000 00500nam a2200181Ia 4500
999 _c16525
_d16525
003 OSt
005 20200606115934.0
008 190216s9999||||xx |||||||||||||| ||und||
020 _a8189914316
040 _cMESKC library
082 _a891.433
_bJOS/M
100 _aJoshi, Shekher
_9271
245 0 _aMera Pahaar /
_cShekher Joshi
260 _bUdgam Prakashan,
_c2008.
_aGajiyabad:
300 _a160p
650 _aHindi
942 _cBK
_2ddc
_h891.433
_iJOS/M
_k891.433
_mJOS/M